[Event "Caioba Telecom op"]
[Site "Caioba"]
[Date "2016.08.28"]
[Round "6"]
[White "Ribas, Luana Fraresso"]
[Black "Possan, Andre Corso"]
[Result "0-1"]
[WhiteElo "1800"]
[BlackElo "1800"]
[PlyCount "98"]
[EventDate "2016.08.26"]
[EventType "swiss"]
[EventRounds "6"]
[EventCountry "BRA"]
[SourceTitle "CBM 174 Extra"]
[Source "ChessBase"]
[SourceDate "2016.10.10"]
[SourceVersion "1"]
[SourceVersionDate "2016.10.10"]
[SourceQuality "1"]

1. e4 c5 2. Nc3 d6 3. g3 Nf6 4. Bg2 g6 5. Nge2 Bg7 6. d3 0-0 7. h3 Nc6 8. 0-0 a6 9. Be3 b5 10. a3 b4 11. axb4 Nxb4 12. f4 Rb8 13. Rb1 Nc6 14. Qd2 Re8 15. e5 dxe5 16. Bxc6 Bd7 17. Bxd7 Nxd7 18. fxe5 Nxe5 19. Bxc5 Qd7 20. Nf4 Qc6 21. Be3 Nf3+ 22. Rxf3 Qxf3 23. Qf2 Qxf2+ 24. Bxf2 Bxc3 25. bxc3 Rxb1+ 26. Kg2 a5 27. Bc5 a4 28. d4 Rc1 29. d5 Rxc2+ 30. Kf1 Rxc3 31. Bd4 Rc1+ 32. Kf2 a3 33. Ne2 Rc2 34. Kf1 a2 35. g4 Ra8 36. h4 a1Q+ 37. Bxa1 Rxa1+ 38. Kf2 Rd2 39. d6 exd6 40. Ke3 Rxe2+ 41. Kxe2 Ra8 42. Kf3 Rd8 43. h5 d5 44. hxg6 hxg6 45. g5 d4 46. Ke4 d3 47. Ke3 d2 48. Ke4 d1Q 49. Ke5 Qd4# 0-1